000 00465nam a22001577a 4500
082 _a621.31
_bMAQ
100 _aMaqbool, Aliza (363769)
_9132364
245 _aCost Optimization of Shared Energy Storage Using Machine Learning /
264 _aIslamabad :
_bUSPCAS-E, NUST
_cApril, 2025
300 _axvi, 61 p.
_e+CD
520 _aTH-627
650 _aMS EEP Thesis
650 _aMS Thesis
_918721
700 _aSupervisor: Dr. Muhammad Yousif
942 _2ddc
_cTHE
999 _c615574
_d615574